Apuntes: recuerdos y fantasías

Salvato in:
Dettagli Bibliografici
Autore principale: Fellini, Federico (Autore)
Natura: Libro
Lingua:spagnolo
Pubblicazione: Barcelona Muchnik 1987
Soggetti:
Tags: Aggiungi Tag
Nessun Tag, puoi essere il primo ad aggiungerne!!

MARC

LEADER 00000nam a2200000 a 4500
001 UCW0156
003 CL-VaPUC
008 891106e19870000SP |||||||||||||||||spa|d
082 0 4 |a 791.4309  |b FEL  |2 21 
100 0 |a Fellini, Federico  |e author  |9 266646 
245 1 0 |a Apuntes: recuerdos y fantasías 
300 |a 191 p 
942 |c BK 
945 |d 19891106 00:00:00 
260 |a Barcelona  |b Muchnik  |c 1987 
600 0 7 |a FELLINI, FEDERICO  |2 CL-VaPUC  |9 266646 
650 0 |a Cine  |x Producción y dirección  |9 264962 
651 0 |a Italia  |9 254949 
583 |a last modification  |c 19891106 00:00:00  |k Rodrigo Vera 
999 |c 215391  |d 215389 
952 |0 0  |1 0  |4 0  |6 791_430900000000000_FEL_1987  |7 0  |8 R  |9 199657  |a BIBART  |b BIBART  |d 2019-11-14  |i 2669102  |o 791.4309 FEL 1987  |p 2669102  |r 2025-03-13  |w 2019-11-14  |y BK_R  |k ART